00696nam a2200157 a 450000100100000000500170001000800410002704000250006808200150009324500770010826000770018530000270026295201130028995201190040299900170052100004428820201002045253.0140612s2008 dr a 000 0 spa d aDO-SdBNPbspacBNPHU axxxxbxxxx03aEl presupuesto del estado :b¿ cómo se administran nuestros chelitos? aSanto Domingo :bCentro de Estudios Sociales Padre Juan Montalvo,c2008. a32 p. :bil. ;c18 cm. 0010718PDaPDbPDcCTd2014-06-12iLF1l0oxxxx xxxxp44288-10r2020-06-25w2020-06-25yLFPDZNo se presta 0010718PDaPDbPDcCTd2014-06-12iLF1l0oxxxx xxxxp44288-20r2020-06-25te. 2w2020-06-25yLFPDZNo se presta c43777d43777